Colonial Cambodia's "bad Frenchmen" : (Record no. 2450)
[ view plain ]
| 000 -LEADER | |
|---|---|
| fixed length control field | 02374cam a2200301 a 4500 |
| 005 - DATE AND TIME OF LATEST TRANSACTION | |
| control field | 20231208134107.0 |
| 020 ## - INTERNATIONAL STANDARD BOOK NUMBER | |
| International Standard Book Number | 0415355621 (hardback : alk. paper) |
| 020 ## - INTERNATIONAL STANDARD BOOK NUMBER | |
| International Standard Book Number | 9780415545532 |
| 020 ## - INTERNATIONAL STANDARD BOOK NUMBER | |
| International Standard Book Number | 9780415355629 (hardback : alk. paper) |
| 020 ## - INTERNATIONAL STANDARD BOOK NUMBER | |
| Canceled/invalid ISBN | 0203002016 (ebook) |
| 020 ## - INTERNATIONAL STANDARD BOOK NUMBER | |
| International Standard Book Number | 9780415545532 |
| 020 ## - INTERNATIONAL STANDARD BOOK NUMBER | |
| Canceled/invalid ISBN | 9780203002018 (ebook) |
| 040 ## - CATALOGING SOURCE | |
| Original cataloging agency | DLC |
| Transcribing agency | DLC |
| Modifying agency | DLC |
| Language of cataloging | eng |
| 050 00 - LIBRARY OF CONGRESS CALL NUMBER | |
| Classification number | DS554.7 |
| Item number | .M85 2006 |
| 082 00 - DEWEY DECIMAL CLASSIFICATION NUMBER | |
| Classification number | 959.6/03 |
| Edition number | 22 |
| 100 1# - MAIN ENTRY--PERSONAL NAME | |
| Personal name | Muller, Gregor |
| Dates associated with a name | 1968- |
| 245 10 - TITLE STATEMENT | |
| Title | Colonial Cambodia's "bad Frenchmen" : |
| Remainder of title | the rise of French rule and the life of Thomas Caraman, 1840-1887 / |
| Statement of responsibility, etc. | Gregor Muller |
| 260 ## - PUBLICATION, DISTRIBUTION, ETC. | |
| Place of publication, distribution, etc. | London : |
| -- | New York : |
| Name of publisher, distributor, etc. | Routledge, |
| Date of publication, distribution, etc. | 2006 |
| 300 ## - PHYSICAL DESCRIPTION | |
| Extent | 294 pages : |
| Other physical details | illustrations, maps ; |
| Dimensions | 24 cm |
| 490 0# - SERIES STATEMENT | |
| Series statement | Routledge studies in the modern history of Asia ; |
| Volume/sequential designation | 37 |
| 505 0# - FORMATTED CONTENTS NOTE | |
| Formatted contents note | Z |
| 520 ## - SUMMARY, ETC. | |
| Summary, etc. | Colonial Cambodia's "Bad Frenchmen" provides a captivating analysis of the gradual establishment of French colonialism in the late nineteenth century. Drawing on new materials from French, Vietnamese and Cambodian archives, it reconstructs a time during which France struggled to give meaning and substance to its Protectorate over Cambodia. It traces the lives of failed colonists - most notably Thomas Caramen, who all constituted a challenge to the colonial enterprise by muddling its social, cultural and racial boundaries. In its consideration of the critical role played by these colonists, this compelling book shifts away from governor-generals, grand discourses and the simple view of colonialism as 'colonizers' versus 'colonized', to explore how things actually worked themselves out on the ground. It examines in particular the 'civilizing mission' and educational initiatives; the slow destruction of the indigenous justice system; the policing of sexual relations between colonisers and colonized; the theft of Cambodian land and taxes by the colonizing power; and the brutal repression of resistance wherever and whenever it appeared. Overall, Muller reveals the crucial role played by indigenous middlemen and marginal Europeans in the rise of the colonial state, and tells the fascinating tale of a Frenchman who came to represent everything that the colonial state dreaded. |
| 521 ## - TARGET AUDIENCE NOTE | |
| Target audience note | 1000 |
| Source | Lexile estimate |
| 521 ## - TARGET AUDIENCE NOTE | |
| Target audience note | Z |
| Source | Raz-Plus |
| 906 ## - LOCAL DATA ELEMENT F, LDF (RLIN) | |
| a | 7 |
| b | cbc |
| c | orignew |
| d | 1 |
| e | ecip |
| f | 20 |
| g | y-gencatlg |
| 942 ## - ADDED ENTRY ELEMENTS (KOHA) | |
| Source of classification or shelving scheme | Dewey Decimal Classification |
| Koha item type | Books |
| Suppress in OPAC | No |
| 999 ## - | |
| -- | 2450 |
| -- | 2450 |
| Withdrawn status | Lost status | Source of classification or shelving scheme | Damaged status | Not for loan | Collection | Home library | Current library | Shelving location | Date acquired | Total Checkouts | Full call number | Barcode | Date last seen | Price effective from | Koha item type |
|---|---|---|---|---|---|---|---|---|---|---|---|---|---|---|---|
| Dewey Decimal Classification | Non-Fiction | Footprints International School Library Network Toul Kork Campus | Footprints International School Library Network Toul Kork Campus | 12/08/2023 | MUL 959.6/03 DS554.7 | FISSE03068 | 12/08/2023 | 12/08/2023 | Books |
